|
|
|
|
| LEADER |
00000ckm a2200000 a 4500 |
| 001 |
vtls010072836 |
| 003 |
SK-MaSNL |
| 005 |
20260512125022.0 |
| 007 |
kp bo |
| 008 |
100308q1928 xo g kuslo |
| 015 |
|
|
|a SNBG1928
|
| 040 |
|
|
|a SNK
|b slo
|c SNK
|e AACR2
|
| 041 |
0 |
|
|a slo
|
| 043 |
|
|
|a e-xo---
|
| 044 |
|
|
|a xo
|c SK
|
| 072 |
|
7 |
|a 913
|x Regionálna geografia
|2 konspekt
|
| 080 |
|
|
|a 913(437.6)
|2 2011
|
| 080 |
|
|
|a (084.121)
|2 2011
|
| 080 |
|
|
|a 711.61
|2 2011
|
| 080 |
|
|
|a 726:27-523.42
|2 2011
|
| 080 |
|
|
|a 27‑523.42:274.5(439.22)
|2 2011
|
| 245 |
0 |
0 |
|a Zvolen
|h grafika
|
| 260 |
|
|
|a [Slovensko?]
|b [vydavateľ neznámy]
|c [1928?]
|
| 300 |
|
|
|a 1 pohľadnica
|b čiernobiela
|c 9 x 14 cm
|
| 500 |
|
|
|a Názvové údaje prevzaté z obrazovej časti pohľadnice
|
| 500 |
|
|
|a Číslo záberu 5a
|
| 520 |
8 |
|
|a Zobrazenie: Pohľad v bielom orámovaní na námestie z výšky. Stredom námestia vedie rad listnatých stromov. Vľavo aj vpravo je vidno rady budov. Vľavo je medzi nimi Evanjelický kostol sv. Trojice. Za ním je Kostol sv. Alžbety. Vpravo od neho je na námestí vidno park s hustými litnatými stromami. Za mestom vidno lúky, polia a hory
|
| 610 |
2 |
7 |
|a Kostol sv. Alžbety (Zvolen, Slovensko)
|2 SNKKA
|9 198523
|
| 610 |
2 |
7 |
|a Evanjelický kostol sv. Trojice (Zvolen, Slovensko)
|2 SNKKA
|9 198525
|
| 650 |
0 |
7 |
|a námestia
|2 SNKPH
|9 26291
|
| 650 |
0 |
7 |
|a kostoly
|2 SNKPH
|9 3023
|
| 650 |
0 |
7 |
|a evanjelické kostoly
|2 SNKPH
|9 86148
|
| 651 |
|
7 |
|a Zvolen (Slovensko)
|2 SNKPHgeo
|9 14595
|
| 655 |
|
7 |
|a miestne pohľadnice
|2 SNKPH
|9 70510
|
| 958 |
|
|
|a OND
|
| 958 |
|
|
|a GBN
|
| 958 |
|
|
|a GC
|
| 999 |
|
|
|c 1004673
|d 1006603
|
| 952 |
|
|
|a SNK
|b SNK
|y PREZ
|7 0
|p 17A0648658
|o snkSP 25983
|z Pohľadnica prešla poštou.
|0 0
|1 0
|4 0
|d 2010-03-08
|f 1
|l 0
|r 2026-02-24 12:32:06
|w 2026-02-24
|